000 03216cam a2200301 4500500
005 20260419004523.0
041 _afre
042 _adc
100 1 0 _aBéliard, Aude
_eauthor
700 1 0 _aEideliman, Jean-Sébastien
_eauthor
245 0 0 _aTroubles dans les inégalités
260 _c2026.
500 _a81
520 _aCet article explore les liens entre positions sociales et trajectoires des enfants, lorsque ces derniers présentent des problèmes identifiés dans le registre de la santé mentale ou du handicap mental. À partir d’enquêtes ethnographiques, nous analysons les trajectoires des enfants en lien avec les usages des troubles et des qualifications qui se construisent autour d’eux, notamment dans le cadre familial. Cette analyse suggère que la production de trajectoires différenciées ne doit pas être automatiquement interprétée dans le langage des inégalités. Celui-ci peut en effet abriter des formes de misérabilisme ou de normativité, dans un domaine où les transformations des institutions sont rapides et où les hiérarchies de valeurs varient fortement selon les groupes sociaux et les contextes locaux. Notre approche théorique prend en compte la structure des capitaux, les dispositions incorporées par les parents, les processus de socialisation et les configurations dans lesquelles les différenciations sociales se déploient. L’opposition classique entre classes populaires et classes supérieures se dissout alors en une multitude de fractions de classe qu’il s’agit de distinguer et de caractériser.
520 _aThis article explores the links between social positions and children’s trajectories when the latter present problems identified in the register of mental health or mental disability. Based on ethnographic surveys, we analyse children’s trajectories in relation to the uses of disorders and qualifications that are constructed around them, particularly within the family. Our analysis suggests that the production of differentiated trajectories should not automatically be interpreted in the language of inequalities. This language may indeed harbour forms of miserabilism or normativity, in an area where institutional transformations are rapid and where value hierarchies vary greatly according to social groups and local contexts. Our theoretical approach takes into account the structure of capital, the dispositions incorporated by parents, the processes of socialisation and the configurations in which social differentiation unfolds. In so doing, the classic opposition between working classes and upper classes dissolves into a multitude of class fractions that need to be distinguished and characterized.
690 _aEnfance
690 _aFamille
690 _aHandicap mental
690 _aInégalités sociales
690 _aSanté mentale
690 _aIntellectual disability
690 _aKinship
690 _aMental health
690 _aSocial inequalities
690 _aYouth
786 0 _nSociétés contemporaines | 137-138 | 1 | 2026-03-30 | p. 143-171 | 1150-1944
856 4 1 _uhttps://shs.cairn.info/revue-societes-contemporaines-2025-1-2-page-143?lang=fr&redirect-ssocas=7080
999 _c2215539
_d2215539